| 000 | 01423nam a22003017a 4500 | ||
|---|---|---|---|
| 003 | OSt | ||
| 005 | 20251220141806.0 | ||
| 008 | 251220b |||||||| |||| 00| 0 eng d | ||
| 020 | _a9789814414166 | ||
| 040 | _cDCL | ||
| 041 | _aEnglish | ||
| 082 | _a959.1 | ||
| 245 | 0 | 0 |
_aMyanmar's transition : _bopenings, obstacles, and opportunities / _cedited by Nick Cheesman, Monique Skidmore, Trevor Wilson. |
| 260 |
_aSingapore : _bInstitute of Southeast Asian Studies, _c2012. |
||
| 300 |
_axvi, 374 pages : _billustrations, maps ; _c23 cm. |
||
| 490 | _aMyanmar update series. | ||
| 500 | _a"The eleventh Myanmar/Burma Update Conference was held at the ANU, Canberra on Monday, 16 and Tuesday, 17 May 2011" -- Page [xi] | ||
| 502 | _apart I. Overview part II. Introduction part III. Political update part IV. Economic update part V. The role of the media part VI. The rule of law part VII. The continued importance of international assistance. | ||
| 504 | _aIncludes bibliographical references and index. | ||
| 650 |
_a Journalism _x Political aspects _zMyanmar _v Congresses |
||
| 650 |
_aLaw _zMyanmar _vCongresses |
||
| 651 |
_aMyanmar _xPolitics and government _y21st century _vCongresses |
||
| 651 |
_aMyanmar _xEconomic conditions _vCongresses |
||
| 700 | 1 |
_aCheesman, Nick _eeditor |
|
| 700 | 1 |
_aSkidmore, Monique _eeditor |
|
| 700 | 1 |
_aWilson, Trevor _eeditor |
|
| 942 |
_2ddc _cSHORT TERM _n0 |
||
| 999 |
_c2760 _d2760 |
||